| 000 | 00434cam a2200169ua 4500 | ||
|---|---|---|---|
| 020 | _a0-04-551128-4 | ||
| 041 |
_aeng _h |
||
| 082 |
_a631.4 _bRET/SO |
||
| 100 | _aRetallack, G I . | ||
| 245 |
_aSoils of the past: An introduction to paleopedology / _cG I Retallack. _hTextual Documents |
||
| 250 |
_a1 / _b. |
||
| 260 |
_aLondon : _bUnwin Hyman , _c1990. |
||
| 300 | _a519 ; . | ||
| 504 | _a | ||
| 942 | _cBK | ||
| 999 |
_c9828 _d9828 |
||